NBA Leading Points Scorer by Year - Statistics

General Stats
  • This quiz has been taken 95 times
  • The average score is 47 of 63
Answer Stats
Hint Answer % Correct
1987 Michael Jordan
98%
1988 Michael Jordan
98%
1989 Michael Jordan
98%
1990 Michael Jordan
98%
1991 Michael Jordan
98%
1992 Michael Jordan
98%
1993 Michael Jordan
98%
1996 Michael Jordan
98%
1997 Michael Jordan
98%
1998 Michael Jordan
98%
2016 Stephen Curry
95%
2021 Stephen Curry
95%
2008 LeBron James
94%
1960 Wilt Chamberlain
94%
1961 Wilt Chamberlain
94%
1962 Wilt Chamberlain
94%
1963 Wilt Chamberlain
94%
1964 Wilt Chamberlain
94%
1965 Wilt Chamberlain
94%
1966 Wilt Chamberlain
94%
2010 Kevin Durant
92%
2011 Kevin Durant
92%
2012 Kevin Durant
92%
2014 Kevin Durant
92%
2006 Kobe Bryant
92%
2007 Kobe Bryant
92%
1970 Jerry West
89%
2018 James Harden
88%
2019 James Harden
88%
2020 James Harden
88%
1971 Kareem Abdul-Jabbar
87%
1972 Kareem Abdul-Jabbar
87%
1995 Shaquille O'Neal
87%
2000 Shaquille O'Neal
87%
2015 Russell Westbrook
84%
2017 Russell Westbrook
84%
1999 Allen Iverson
78%
2001 Allen Iverson
78%
2002 Allen Iverson
78%
2005 Allen Iverson
78%
2009 Dwyane Wade
71%
2013 Carmelo Anthony
63%
2003 Tracy McGrady
60%
2004 Tracy McGrady
60%
1994 David Robinson
58%
1986 Dominique Wilkins
49%
1974 Bob McAdoo
48%
1975 Bob McAdoo
48%
1976 Bob McAdoo
48%
1978 George Gervin
48%
1979 George Gervin
48%
1980 George Gervin
48%
1982 George Gervin
48%
2022 Trae Young
47%
1969 Elvin Hayes
42%
1985 Bernard King
41%
1967 Rick Barry
40%
1977 Pete Maravich
39%
1983 Alex English
37%
1981 Adrian Dantley
34%
1984 Adrian Dantley
34%
1973 Archibald
23%
1968 Dave Bing
13%
No matching quizzes found
Score Distribution
Percent of People with Each Score
Percentile by Number Answered
Your Score History
You have not taken this quiz